1706 1874 1299 1300 1651 1516 1674 1835 1734 1762 1100 1147 1542 1573 1116 1997 1455 1483 1827 1247 1686 1095 1244 1183 1916 1645 1951 1892 1896 1983 1188 1834 1848 1397 1100 1153 1408 1146 1177 1631 1275 1109 1067 1719 1466 1976 1679 1296 1126 1202 1337 1013 1603 1398 1489 1874 1304 1990 1985 1336 1409 1103 1120 1615 1092 1474 1171 1175 1648 1555 1603 1902 1412 1279 1600 1847 1927 1097 1350 1295 1529 1873 1257 1474 1622 1043 1458 1131 1837 1268 1026 1446 1064 1001 1255 1858 1065 1484 1779 BCNSPRNW ULIB Ver.6.0+V

เปลี่ยนเป็นภาษาไทย

Change to English
 แสดงรายละเอียดบรรณานุกรม
  กลับหน้าหลัก

Brief Record : Get Marc (ISO 2709) : E-mail record : QR code < ปิดหน้าต่าง
LEADER : 00000nam 2200000uu 4500
001    13399108023
003     ULIB
008    110215s2546||||th 000 0 tha d
020    9744684348
060  4 QT255^bว619ก 2546
100 0  วิโรจน์ มังคละมณี
245 00 การจัดกิจกรรมกีฬาในชุมชน/^cบรรณาธิการ:วิโรจน์ มังคละมณี
250    พิมพ์ครั้งที่ 1
260    ฉะเชิงเทรา:^bประสานมิตร,^c2546.
300    64 หน้า:^bภาพประกอบ
650  7 กีฬา
650  7 การส่งเสริมสุขภาพ
650  7 การออกกำลังกาย
945    ^p55^l0^i017333
995    ทศพร
999 ^a ใช้งานได้ทุกระบบ
รายการนี้ยังไม่มีแท็ก
คุณยังไม่ได้ล็อกอิน คุณสามารถมีกิจกรรมร่วมกับเว็บไซต์ได้ แต่ต้องล็อกอินก่อน ::
  ล็อกอิน

รายการสื่อสารสนเทศ

ลำดับที่ ประเภท เลขเรียก/บาร์โค้ด สถานที่ สถานะ
- ไม่พบข้อมูล -

รายการใกล้เคียง
    หัวเรื่อง [กีฬา]
    หัวเรื่อง [การส่งเสริมสุขภาพ]
    หัวเรื่อง [การออกกำลังกาย]

BibComment


ยังไม่เคยถูกคอมเมนท์

คอมเมนท์ทรัพยากรรายการนี้
  คอมเมนท์: การจัดกิจกรรมกีฬา..


 Copyright 2026. Bcnsprnw @Library